Visualizzazione normale
Vista MARC
- Filosofi di lingua francese posteriori al 1920
di Genre/Form Term
Records bibliografici associati: 1
001 - CONTROL NUMBER
- control field: 61887
003 - CONTROL NUMBER IDENTIFIER
- control field:
005 - DATE AND TIME OF LATEST TRANSACTION
- control field: 20250319115959.0
008 - FIXED-LENGTH DATA ELEMENTS
- fixed length control field: 250319|| aca||aabn | a|a d
040 ## - CATALOGING SOURCE
- Original cataloging agency:
- Transcribing agency:
155 ## - HEADING--GENRE/FORM TERM
- Genre/form term: Filosofi di lingua francese posteriori al 1920
- General subdivision: Lévinas Emmanuel, 1906-1995
670 ## - SOURCE DATA FOUND
- Source citation: Work cat.: ()360450: Lévinas, Emmanuel, 1906-1995. autore 61886, Totalità e infinito :, 2023.